000 00763nam a22002412 4500
001 0000020660
005 20151217145926.0
008 110930s xx 000 0 eng d
020 _a0521716543 :
040 _aKABU
_cKABU
100 1 _aPeterson, Martin.
_@0000181146
245 1 3 _aAn Introduction to decision theory /
_cMartin Peterson.
250 _a1st ed.
260 _aCambridge :
_bC. U. P.,
_c2009.
300 _ax, 317 p.
650 0 _aDecision making.
_@0000151539
650 0 _aDecision making
_xmathematical models.
_@0000150559
650 0 _aBayesian statistical decision theory.
_@0000169746
650 0 _aGame theory.
_@0000152490
852 1 _9p2772.95 KES
908 _a110930
950 _@1
999 _c4162
_d4162